• 首页
  • 本馆介绍
  • 公告通知
  • 最新文献
  • 馆藏检索
  • 电子资源
  • 读者导购
  • 参考咨询
  • 我的图书馆
  • 登录
  • 详细信息显示
  • 放入我的书架
  • 预约/预借图书
  • 作者相关作品
  • 分类相关作品
  • 丛书相关作品
  • 出版社相关作品

书目信息

  • 表格格式
  • 工作单格式
  • 卡片格式
题名:
叠层透明导电薄膜的制备及其在光电器件中的应用
    
 
作者: 薛志超 著
分册:  
出版信息: 北京   中国纺织出版社有限公司  2020.6
页数: 78页
开本: 24cm
丛书名:
单 册:
中图分类: TQ171.6 , TN15
科图分类:
主题词: 叠层结构--导电薄膜--制备 , 叠层结构--导电薄膜--应用--光电器件
电子资源:
ISBN: 978-7-5180-7145-6
000 01102nam0 2200265 45
001 012001000536
005 20140911152632.0
010    @a978-7-5180-7145-6@dCNY88.00
100    @a20200919d2020 em y0chiy50 ea
101 0  @achi
102    @aCN@b110000
105    @aa z 000yy
106    @ar
200 1  @a叠层透明导电薄膜的制备及其在光电器件中的应用@Adie ceng tou ming dao dian bo mo de zhan zheng zhi bei ji qi zai guang dian qi jian zhong de ying yong@b专著@f薛志超[等]著
210    @a北京@c中国纺织出版社有限公司@d2020.6
215    @a78页@c图@d24cm
304    @a著者还有:孙红、李强、张玉琢
330    @a本书选取几种介质材料(NiO、SnOx、Bi2O3)和金属Ag膜构筑DMD电机,通过优化各层的厚度,获得高性能的阳极和阴极,并进一步探索其在有机太阳能电池(OPVs)中的应用,并详细介绍了几种叠层透明导电薄膜的制备方法,及其作为电极材料在聚合太阳能电池中的应用。
606 0  @a叠层结构@x导电薄膜@x制备
606 0  @a叠层结构@x导电薄膜@x应用@x光电器件
690    @aTQ171.6@v5
690    @aTN15@v5
701  0 @a薛志超@Axue zhi chao@4著
801  0 @aCN@bBJSDL@c20211011
905    @b1331673-6@dTQ171.6@e81@f4
    
    叠层透明导电薄膜的制备及其在光电器件中的应用/薛志超[等]著.-北京:中国纺织出版社有限公司,2020.6
    78页:图;24cm
    
    
    ISBN 978-7-5180-7145-6:CNY88.00
    本书选取几种介质材料(NiO、SnOx、Bi2O3)和金属Ag膜构筑DMD电机,通过优化各层的厚度,获得高性能的阳极和阴极,并进一步探索其在有机太阳能电池(OPVs)中的应用,并详细介绍了几种叠层透明导电薄膜的制备方法,及其作为电极材料在聚合太阳能电池中的应用。
●
相关链接 在E读中查询图书 在五车中查询图书 在当当中查询图书 在豆瓣中查询图书


正题名:叠层透明导电薄膜的制备及其在光电器件中的应用     索取号:TQ171.6/81         预约/预借

序号 登录号 条形码 馆藏地/架位号 状态 备注
1 1331673   213316730   第二样本阅览室/ [索取号:TQ171.6/81] 在馆    
2 1331674   213316749   第三借阅区/ [索取号:TQ171.6/81] 在馆    
3 1331675   213316758   第三借阅区/ [索取号:TQ171.6/81] 在馆    
4 1331676   213316767   第三借阅区/ [索取号:TQ171.6/81] 在馆    
唐山师范学院图书馆 欢迎您!
大连网信软件有限公司© 版权所有